000 00678nam a22002057a 4500
999 _c9842
_d9842
003 AR-CdUCM
008 190328b ||||| |||| 00| 0 spa d
040 _aMUNICIPALIDAD PROVINCIAL DEL CUSCO
_cBIBLIOTECA MUNICIPAL DEL CUSCO
082 _aC / 869.56 /
_bF91F
100 _aFuente, Nicanor A. de la
_917329
245 _aLa Feria de los Romances /
260 _aChiclayo :
_bIndo - America ,
_c1940.
300 _a71 páginas ;
_c21.1 cm.
500 _aContiene dedicatoria del mismo autor del libro dirigido a Luis Nieto
650 _aPoesia Romantica
_914796
650 _aPoesia Peruana
_9280
650 _aPoesia Chiclayana
_924864
942 _2ddc
_cLIBROS
945 _artm